[Event "Ulan-Ude Baikal op 13th"]
[Site "Ulan-Ude"]
[Date "2017.07.22"]
[Round "9"]
[White "Bazyrtsyrenov, Kirill"]
[Black "Radnaev, Anatoly"]
[Result "1-0"]
[WhiteElo "1681"]
[BlackElo "1891"]
[PlyCount "90"]
[EventDate "2017.07.18"]
[EventType "swiss"]
[EventRounds "9"]
[EventCountry "RUS"]
[SourceTitle "EXT 2018"]
[Source "ChessBase"]
[SourceDate "2017.10.13"]
[SourceVersion "1"]
[SourceVersionDate "2017.10.13"]
[SourceQuality "1"]

1. e4 e6 2. d4 b6 3. Nc3 Bb7 4. a3 Nf6 5. Bd3 d5 6. e5 Nfd7 7. Nce2 c5 8. c3 Nc6 9. f4 Qh4+ 10. g3 Qe7 11. Nf3 g6 12. 0-0 h5 13. Be3 a5 14. Qd2 c4 15. Bc2 a4 16. Nh4 Rg8 17. Rf2 b5 18. Raf1 0-0-0 19. Kh1 Qe8 20. Ng1 Ne7 21. Ngf3 Nf5 22. Nxf5 gxf5 23. Qd1 Bc6 24. Ng5 f6 25. Nxe6 Qxe6 26. Qxh5 Qe8 27. Qxe8 Rxe8 28. Bxf5 fxe5 29. fxe5 Be7 30. Be6 Rgf8 31. Bf7 Rd8 32. e6 Nc5 33. Bh6 Ne4 34. Bxf8 Nxf2+ 35. Rxf2 Rxf8 36. g4 Kd8 37. Rf5 Rh8 38. g5 Bf8 39. g6 Ke7 40. Kg2 Bg7 41. Kg3 Bf6 42. Rf4 Rh5 43. h4 Bb7 44. g7 Rg5+ 45. hxg5 Bxg7 1-0

[Event "Ulan-Ude Baikal op 13th"]
[Site "Ulan-Ude"]
[Date "2017.07.22"]
[Round "8"]
[White "Radnaev, Anatoly"]
[Black "Damdinova, Auna"]
[Result "1-0"]
[WhiteElo "1891"]
[BlackElo "1672"]
[PlyCount "60"]
[EventDate "2017.07.18"]
[EventType "swiss"]
[EventRounds "9"]
[EventCountry "RUS"]
[SourceTitle "EXT 2018"]
[Source "ChessBase"]
[SourceDate "2017.10.13"]
[SourceVersion "1"]
[SourceVersionDate "2017.10.13"]
[SourceQuality "1"]

1. d4 d5 2. Nf3 Nf6 3. Bg5 Ne4 4. Bf4 f6 5. h4 e6 6. Nbd2 Nxd2 7. Qxd2 Bd6 8. h5 Bxf4 9. Qxf4 Qd6 10. Qg4 Rg8 11. 0-0-0 Nc6 12. e3 Qe7 13. h6 e5 14. Qh5+ g6 15. Qh2 e4 16. Nd2 Bf5 17. Bb5 Qd6 18. Qh4 0-0-0 19. c3 Bd7 20. Nb3 Nb8 21. Be2 b6 22. Kb1 Bc6 23. Rc1 Bb7 24. c4 dxc4 25. Bxc4 Rge8 26. Rc3 Ba6 27. Rhc1 Bxc4 28. Rxc4 Rd7 29. Qg4 Kb7 30. a3 f5 1-0

[Event "Ulan-Ude Baikal op 13th"]
[Site "Ulan-Ude"]
[Date "2017.07.19"]
[Round "2"]
[White "Radnaev, Anatoly"]
[Black "Avazov, Semen"]
[Result "0-1"]
[WhiteElo "1891"]
[BlackElo "1568"]
[PlyCount "60"]
[EventDate "2017.07.18"]
[EventType "swiss"]
[EventRounds "9"]
[EventCountry "RUS"]
[SourceTitle "EXT 2018"]
[Source "ChessBase"]
[SourceDate "2017.10.13"]
[SourceVersion "1"]
[SourceVersionDate "2017.10.13"]
[SourceQuality "1"]

1. d4 d5 2. Bf4 Nf6 3. e3 e6 4. Nd2 c5 5. c3 Nc6 6. Bd3 Bd6 7. Bg5 0-0 8. f4 Be7 9. Ngf3 h6 10. h4 Ng4 11. Bxe7 Qxe7 12. Qe2 f5 13. 0-0-0 c4 14. Bc2 b5 15. Nh2 Nxh2 16. Rxh2 b4 17. Nf3 a5 18. g4 bxc3 19. bxc3 Qa3+ 20. Kd2 Nb4 21. Rc1 Nxa2 22. Rb1 Nxc3 23. Qe1 Nxb1+ 24. Qxb1 Qb4+ 25. Kc1 Qxb1+ 26. Bxb1 fxg4 27. Ne5 a4 28. h5 Re8 29. Rg2 Re7 30. Nxg4 Kh8 0-1

[Event "Buryatia-ch 3rd"]
[Site "Ulan-Ude"]
[Date "2015.01.09"]
[Round "9"]
[White "Radnaev, Anatoly"]
[Black "Andreev, Afrikan"]
[Result "0-1"]
[WhiteElo "2035"]
[BlackElo "2197"]
[PlyCount "84"]
[EventDate "2015.01.05"]
[EventType "swiss"]
[EventRounds "9"]
[EventCountry "RUS"]
[SourceTitle "CBM 164 Extra"]
[Source "ChessBase"]
[SourceDate "2015.03.02"]
[SourceVersion "1"]
[SourceVersionDate "2015.03.02"]
[SourceQuality "1"]

1. d4 e6 2. Bf4 Nf6 3. e3 c5 4. c3 b6 5. Nd2 Bb7 6. Ngf3 Be7 7. Bd3 0-0 8. h4 d6 9. Qe2 Re8 10. 0-0-0 Nc6 11. dxc5 bxc5 12. Ne4 e5 13. Nxf6+ Bxf6 14. Bxh7+ Kxh7 15. Ng5+ Kg8 16. Qh5 Qc7 17. Qh7+ Kf8 18. Bg3 Na5 19. f4 e4 20. f5 Nc4 21. Qh5 Rad8 22. Bf4 Ne5 23. g4 Nd3+ 24. Kc2 Bd5 25. Nh7+ Ke7 26. g5 Be5 27. Bxe5 dxe5 28. f6+ gxf6 29. Nxf6 Qb7 30. b3 Qa6 31. Nxd5+ Rxd5 32. Kb1 c4 33. Rhf1 Qg6 34. Qg4 Red8 35. h5 Qe6 36. Qh4 cxb3 37. g6+ f6 38. a3 Nf4 39. Rxd5 Qxd5 40. Qf2 Qd1+ 41. Rxd1 Rxd1+ 42. Kb2 Nd3+ 0-1

[Event "Buryatia-ch 3rd"]
[Site "Ulan-Ude"]
[Date "2015.01.07"]
[Round "6"]
[White "Radnaev, Anatoly"]
[Black "Angarov, Dmitriy"]
[Result "0-1"]
[WhiteElo "2035"]
[BlackElo "2117"]
[PlyCount "76"]
[EventDate "2015.01.05"]
[EventType "swiss"]
[EventRounds "9"]
[EventCountry "RUS"]
[SourceTitle "CBM 164 Extra"]
[Source "ChessBase"]
[SourceDate "2015.03.02"]
[SourceVersion "1"]
[SourceVersionDate "2015.03.02"]
[SourceQuality "1"]

1. Nf3 c5 2. e3 g6 3. d4 Bg7 4. c3 cxd4 5. exd4 d5 6. Bd3 Nc6 7. Bf4 Nf6 8. Nbd2 Bf5 9. Bxf5 gxf5 10. Ne5 0-0 11. 0-0 e6 12. Nxc6 bxc6 13. Be5 Ng4 14. Bxg7 Kxg7 15. h3 Nf6 16. Nf3 Nd7 17. Qd2 Kh8 18. Ng5 Qf6 19. f4 Qe7 20. Qe2 Nf6 21. Qe5 h6 22. Rae1 Kg8 23. Rf3 hxg5 24. fxg5 Ne4 25. h4 f6 26. Qf4 fxg5 27. hxg5 Rf7 28. Rh3 Rg7 29. Qh2 Rh7 30. Ree3 Qxg5 31. Qe5 Qe7 32. Rxh7 Kxh7 33. Rh3+ Kg6 34. g4 Rf8 35. Kh2 Ng5 36. Rg3 f4 37. Rd3 Qh7+ 38. Kg1 Rh8 0-1

[Event "Buryatia-ch 3rd"]
[Site "Ulan-Ude"]
[Date "2015.01.05"]
[Round "2"]
[White "Radnaev, Anatoly"]
[Black "Samdanova, Surena"]
[Result "1-0"]
[WhiteElo "2035"]
[BlackElo "1919"]
[PlyCount "147"]
[EventDate "2015.01.05"]
[EventType "swiss"]
[EventRounds "9"]
[EventCountry "RUS"]
[SourceTitle "CBM 164 Extra"]
[Source "ChessBase"]
[SourceDate "2015.03.02"]
[SourceVersion "1"]
[SourceVersionDate "2015.03.02"]
[SourceQuality "1"]

1. e4 c6 2. d4 d5 3. e5 Bf5 4. Ne2 e6 5. Ng3 Bg6 6. h4 h6 7. h5 Bh7 8. Bd3 Bxd3 9. cxd3 Qb6 10. Qg4 Qa6 11. 0-0 Qxd3 12. Rd1 Qh7 13. Nc3 Ne7 14. Nce2 Nf5 15. Bd2 Be7 16. b4 Nxg3 17. Nxg3 g6 18. Rac1 gxh5 19. Qxh5 Qg6 20. Qh3 h5 21. Ne2 Nd7 22. a4 Nb6 23. b5 Nc4 24. bxc6 bxc6 25. Bf4 Rb8 26. Rd3 Rb2 27. Qf3 Rg8 28. Ng3 h4 29. Nf1 Kd7 30. Rdc3 Rb4 31. Ne3 Nd2 32. Qh3 Rxd4 33. Rxc6 Nc4 34. Nxd5 Rxd5 35. R6xc4 Bd8 36. Rc5 Rd3 37. Be3 Qe4 38. R5c4 Qxe5 39. Qf3 f5 40. Qb7+ Ke8 41. Bf4 Qd5 42. Qxd5 Rxd5 43. Be3 h3 44. g3 Bb6 45. Rc8+ Rd8 46. Bxb6 axb6 47. R8c6 Kf7 48. Rxb6 f4 49. Rc3 fxg3 50. Rf3+ Ke7 51. Rb7+ Kd6 52. fxg3 Kc6 53. Rbb3 Rd5 54. Rfc3+ Rc5 55. Kh2 Rh8 56. a5 Rxc3 57. Rxc3+ Kb5 58. Ra3 Ka6 59. g4 e5 60. Rxh3 Rg8 61. Kg3 Kxa5 62. Rh5 Re8 63. Kf3 Kb4 64. Ke4 Rc8 65. Rxe5 Rc1 66. g5 Re1+ 67. Kd5 Rg1 68. Ke6 Kc4 69. Kf6 Kd4 70. Rf5 Ke4 71. g6 Rg4 72. Rg5 Rf4+ 73. Ke6 Rf8 74. g7 1-0

[Event "Ulan-Ude Buryatia-ch"]
[Site "Ulan-Ude"]
[Date "2013.08.24"]
[Round "4"]
[White "Radnaev, Anatoly"]
[Black "Mogloev, Alexander"]
[Result "1-0"]
[WhiteElo "2008"]
[BlackElo "1767"]
[PlyCount "111"]
[EventDate "2013.08.22"]
[EventType "swiss"]
[EventRounds "9"]
[EventCountry "RUS"]
[SourceTitle "CBM 156 Extra"]
[Source "ChessBase"]
[SourceDate "2013.10.22"]
[SourceVersion "1"]
[SourceVersionDate "2013.10.22"]
[SourceQuality "1"]

1. d4 Nf6 2. Bg5 g6 3. Nc3 Bg7 4. e4 d6 5. Qd2 Nbd7 6. Nf3 h6 7. Bf4 c6 8. 0-0-0 Qa5 9. Kb1 b5 10. Bd3 Nh5 11. Be3 Nb6 12. h3 Nc4 13. Bxc4 bxc4 14. Ne2 Qxd2 15. Nxd2 d5 16. g4 Nf6 17. f3 Ba6 18. c3 Nd7 19. e5 Rb8 20. f4 Nb6 21. Kc2 e6 22. Ng3 Kd7 23. Nf3 Bf8 24. Rdf1 Na4 25. Rb1 c5 26. b3 cxd4 27. Nxd4 cxb3+ 28. axb3 Nc5 29. Rhd1 Rb6 30. Ra1 Be7 31. b4 Nb7 32. Kd2 Rc8 33. Rdb1 Bh4 34. Nge2 Bxe2 35. Nxe2 Rbc6 36. Rxa7 Rb8 37. Nd4 Rc4 38. Nb3 Bg3 39. Na5 Rc7 40. Nxb7 Rcxb7 41. Rba1 g5 42. fxg5 hxg5 43. Bd4 Bf4+ 44. Kd3 Kc6 45. R1a6+ Kd7 46. b5 Kc8 47. Rxb7 Rxb7 48. Ra8+ Kd7 49. b6 Kc6 50. c4 dxc4+ 51. Kxc4 Rd7 52. Ra7 Rxa7 53. bxa7 Kb7 54. Kb5 Bc1 55. a8Q+ Kxa8 56. Kc6 1-0

[Event "Ulan-Ude Bajkal op 9th"]
[Site "Ulan-Ude"]
[Date "2013.07.05"]
[Round "6"]
[White "Radnaev, Anatoly"]
[Black "Dambaev, Bilikto"]
[Result "0-1"]
[WhiteElo "2018"]
[BlackElo "1853"]
[PlyCount "104"]
[EventDate "2013.07.01"]
[EventType "swiss"]
[EventRounds "9"]
[EventCountry "RUS"]
[SourceTitle "EXT 2014"]
[Source "ChessBase"]
[SourceDate "2013.11.20"]
[SourceVersion "1"]
[SourceVersionDate "2013.11.20"]
[SourceQuality "1"]

1. d4 d5 2. Nf3 Nf6 3. Bg5 c6 4. Nbd2 Bf5 5. e3 Qb6 6. Bxf6 exf6 7. Nh4 Bc8 8. Rb1 Bd6 9. Bd3 g6 10. 0-0 0-0 11. a3 c5 12. c3 cxd4 13. cxd4 f5 14. g3 Nd7 15. b4 a5 16. Qb3 Nf6 17. Rfc1 axb4 18. axb4 Bd7 19. Qd1 Bb5 20. Bc2 Rfc8 21. Nhf3 Ne4 22. Nxe4 fxe4 23. Nd2 h5 24. Bb3 Bd3 25. Bc2 Bxc2 26. Rxc2 Kg7 27. Qc1 Rxc2 28. Qxc2 h4 29. Nb3 hxg3 30. hxg3 Qb5 31. Na5 Qd7 32. Qe2 Rh8 33. Qf1 b6 34. Nb3 Bxb4 35. Nc1 Ba3 36. Ne2 Qf5 37. Qg2 Qe6 38. Nf4 Qc6 39. Qf1 g5 40. Ne2 b5 41. f3 Qc2 42. f4 Qd3 43. fxg5 Qxe3+ 44. Kg2 Qxg5 45. Nf4 Bd6 46. Rxb5 Qh6 47. Qe1 Qh2+ 48. Kf1 Qh1+ 49. Ke2 Qf3+ 50. Kd2 Bxf4+ 51. gxf4 Rh2+ 52. Kc1 Qa3+ 0-1

[Event "Ulan-Ude Bajkal op 9th"]
[Site "Ulan-Ude"]
[Date "2013.07.03"]
[Round "2"]
[White "Radnaev, Anatoly"]
[Black "Feofilova, Elizaveta"]
[Result "1-0"]
[WhiteElo "2018"]
[BlackElo "1736"]
[PlyCount "47"]
[EventDate "2013.07.01"]
[EventType "swiss"]
[EventRounds "9"]
[EventCountry "RUS"]
[SourceTitle "EXT 2014"]
[Source "ChessBase"]
[SourceDate "2013.11.20"]
[SourceVersion "1"]
[SourceVersionDate "2013.11.20"]
[SourceQuality "1"]

1. e4 e6 2. f4 e5 3. Nf3 exf4 4. d4 d6 5. Bxf4 Be7 6. Bc4 Bg4 7. 0-0 Nf6 8. Nbd2 0-0 9. Bd3 Nc6 10. c3 Ne5 11. Be2 Nxf3+ 12. Bxf3 Bxf3 13. Qxf3 c5 14. dxc5 dxc5 15. Rad1 Qa5 16. e5 Ne8 17. Qxb7 Nc7 18. Nc4 Qxa2 19. Qxc7 Bd8 20. Qc6 Qxc4 21. Qxa8 Bg5 22. Qxf8+ Kxf8 23. Bxg5 g6 24. Bf6 1-0

[Event "Buryatia-ch"]
[Site "Ulan-Ude"]
[Date "2013.01.05"]
[Round "6"]
[White "Radnaev, Anatoly"]
[Black "Samdanova, Surena"]
[Result "1-0"]
[WhiteElo "2040"]
[BlackElo "1858"]
[PlyCount "75"]
[EventDate "2013.01.02"]
[EventType "swiss"]
[EventRounds "9"]
[EventCountry "RUS"]
[SourceTitle "CBM 152 Extra"]
[Source "ChessBase"]
[SourceDate "2013.02.25"]
[SourceVersion "1"]
[SourceVersionDate "2013.02.25"]
[SourceQuality "1"]

1. d4 d5 2. Nf3 Nf6 3. Bg5 e6 4. e3 Be7 5. Nbd2 Nbd7 6. Bd3 h6 7. Bh4 c5 8. c3 b6 9. 0-0 Bb7 10. Qa4 0-0 11. Ne5 Nxe5 12. dxe5 Nd7 13. Bg3 f5 14. exf6 Nxf6 15. Bg6 Bd6 16. Rad1 Bxg3 17. hxg3 e5 18. Nf3 Qc7 19. Nh4 Bc6 20. Qc2 e4 21. c4 Rad8 22. cxd5 Rxd5 23. Rxd5 Bxd5 24. Rd1 Qe5 25. Bf5 g5 26. Ng6 Qe8 27. Nxf8 Kxf8 28. Qc3 Kf7 29. b4 c4 30. Rxd5 Nxd5 31. Qxc4 Qe5 32. Bxe4 Ke6 33. f4 gxf4 34. gxf4 Qd6 35. g4 b5 36. Qb3 Qd8 37. Bxd5+ Qxd5 38. e4 1-0

[Event "Buryatia-ch"]
[Site "Ulan-Ude"]
[Date "2013.01.03"]
[Round "2"]
[White "Radnaev, Anatoly"]
[Black "Enkhtuul, Altanulzii"]
[Result "0-1"]
[WhiteElo "2040"]
[BlackElo "2036"]
[PlyCount "120"]
[EventDate "2013.01.02"]
[EventType "swiss"]
[EventRounds "9"]
[EventCountry "RUS"]
[SourceTitle "CBM 152 Extra"]
[Source "ChessBase"]
[SourceDate "2013.02.25"]
[SourceVersion "1"]
[SourceVersionDate "2013.02.25"]
[SourceQuality "1"]

1. d4 Nf6 2. Bg5 Ne4 3. Bf4 d5 4. e3 e6 5. Nd2 Nf6 6. Ngf3 Be7 7. Bd3 0-0 8. h4 c5 9. c3 Nc6 10. Ne5 Qb6 11. Qb1 cxd4 12. exd4 h6 13. h5 Nxe5 14. dxe5 Ng4 15. 0-0 Bc5 16. Bg3 f5 17. b4 Be3 18. Nf3 Bg5 19. Qd1 Bd7 20. Qe2 Be8 21. Nd4 Bxh5 22. f4 Be7 23. Qe1 Rac8 24. a3 a6 25. Kh1 Rf7 26. Qd2 g5 27. Be2 gxf4 28. Bxf4 Bf8 29. Rf3 Bg7 30. Rg3 Nf2+ 31. Kh2 Ne4 32. Qe1 Nxg3 33. Qxg3 Bxe2 34. Nxe2 Kh7 35. Be3 Qc7 36. Bd4 Rg8 37. Qe3 Bf6 38. g3 Bg5 39. Qf3 Rfg7 40. Rh1 Qc4 41. a4 Qa2 42. a5 Qc2 43. Rg1 Qe4 44. Qxe4 fxe4 45. Rf1 Kg6 46. Rb1 Rf7 47. b5 axb5 48. Rxb5 e3 49. Kh3 Rf2 50. Rb2 Ra8 51. Ra2 Kf5 52. g4+ Ke4 53. Ng3+ Kf3 54. Ra1 Bf4 55. Rg1 Rg8 56. Nf1 h5 57. g5 Rxg5 58. Rh1 e2 59. Bxf2 Kxf2 60. Nh2 Rg2 0-1

[Event "Irkutsk Ermolaev Memorial 6th"]
[Site "Irkutsk"]
[Date "2012.08.08"]
[Round "8"]
[White "Grekhneva, Alena"]
[Black "Radnaev, Anatoly"]
[Result "0-1"]
[WhiteElo "1634"]
[BlackElo "2056"]
[PlyCount "82"]
[EventDate "2012.08.01"]
[EventType "swiss"]
[EventRounds "9"]
[EventCountry "RUS"]
[SourceTitle "CBM 149 Extra"]
[Source "ChessBase"]
[SourceDate "2012.08.24"]
[SourceVersion "1"]
[SourceVersionDate "2012.08.24"]
[SourceQuality "1"]

1. d4 Nf6 2. c4 e6 3. Bg5 b6 4. a3 Bb7 5. Nc3 Be7 6. e3 d6 7. Bd3 Bxg2 8. f3 Bxh1 9. Qc2 Nbd7 10. 0-0-0 h6 11. Bxf6 Nxf6 12. Rf1 c5 13. Nh3 cxd4 14. exd4 d5 15. Rxh1 dxc4 16. Qa4+ Kf8 17. Qxc4 Rc8 18. Qb3 Nd5 19. Kb1 Nxc3+ 20. bxc3 Qc7 21. Rc1 Qxh2 22. Bf1 Bg5 23. f4 Be7 24. Rc2 Qh1 25. Kb2 Qc6 26. Rh2 g6 27. Ng5 Kg7 28. Bb5 hxg5 29. Bxc6 Rxh2+ 30. Kb1 Rxc6 31. fxg5 Rh3 32. Qb5 Rhxc3 33. Qe5+ Kg8 34. Qb8+ Bf8 35. Qxa7 Rxa3 36. Qb7 Rac3 37. Qa6 Rc1+ 38. Kb2 Bg7 39. Qa4 b5 40. Qb4 R1c4 41. Qd2 Rxd4 0-1

[Event "Irkutsk Ermolaev Memorial 6th"]
[Site "Irkutsk"]
[Date "2012.08.02"]
[Round "2"]
[White "Radnaev, Anatoly"]
[Black "Ergeshov, Timur"]
[Result "1-0"]
[WhiteElo "2056"]
[BlackElo "1869"]
[PlyCount "79"]
[EventDate "2012.08.01"]
[EventType "swiss"]
[EventRounds "9"]
[EventCountry "RUS"]
[SourceTitle "CBM 149 Extra"]
[Source "ChessBase"]
[SourceDate "2012.08.24"]
[SourceVersion "1"]
[SourceVersionDate "2012.08.24"]
[SourceQuality "1"]

1. e4 c5 2. f4 d6 3. b4 cxb4 4. a3 Nf6 5. Qe2 Nc6 6. axb4 Bg4 7. Nf3 e5 8. c3 Nh5 9. f5 g6 10. fxg6 fxg6 11. d3 Bg7 12. b5 Na5 13. Qa2 b6 14. Be3 Qd7 15. Be2 Be6 16. c4 0-0 17. Nc3 Nf4 18. Bf1 Bg4 19. Bxf4 exf4 20. Rc1 Bxf3 21. gxf3 Kh8 22. Nd5 Qd8 23. h4 g5 24. Rc2 a6 25. hxg5 axb5 26. Rch2 Nxc4 27. Rxh7+ Kg8 28. Nf6+ Kf7 29. Qh2 Ra1+ 30. Kf2 Rh8 31. Qh5+ Ke6 32. Bh3+ Ke5 33. Rxa1 Rxh7 34. Qxh7 Bxf6 35. dxc4 Kd4 36. gxf6 Qxf6 37. Bf1 Kc3 38. e5 Qxe5 39. Qd3+ Kb4 40. Qa3# 1-0

[Event "Irkutsk Ermolaev Memorial 6th"]
[Site "Irkutsk"]
[Date "2012.08.01"]
[Round "1"]
[White "Sorokovikov, Vasily"]
[Black "Radnaev, Anatoly"]
[Result "0-1"]
[WhiteElo "1724"]
[BlackElo "2056"]
[PlyCount "64"]
[EventDate "2012.08.01"]
[EventType "swiss"]
[EventRounds "9"]
[EventCountry "RUS"]
[SourceTitle "CBM 149 Extra"]
[Source "ChessBase"]
[SourceDate "2012.08.24"]
[SourceVersion "1"]
[SourceVersionDate "2012.08.24"]
[SourceQuality "1"]

1. d4 Nf6 2. Nc3 d5 3. Bg5 e6 4. e4 Be7 5. e5 Ng8 6. Be3 a6 7. Nf3 b6 8. Be2 Bb7 9. Qd2 h6 10. 0-0 c5 11. Ne1 Nc6 12. f4 cxd4 13. Bxd4 Nxd4 14. Nf3 Nxf3+ 15. Bxf3 Qc7 16. Ne2 h5 17. Nd4 Bc5 18. c3 Ne7 19. b4 Bxd4+ 20. cxd4 Nf5 21. Rac1 Qd7 22. Rc2 Rc8 23. Rfc1 Rc4 24. Be2 b5 25. Bxc4 dxc4 26. Rd1 Qd5 27. Qc3 Rh6 28. Rf2 Rg6 29. Rdd2 Nh4 30. Kf1 Nxg2 31. Qh3 Qe4 32. Rde2 Qb1+ 0-1

[Event "Ulan-Ude VIII festival Baikal"]
[Site "Ulan-Ude"]
[Date "2012.07.01"]
[Round "9.3"]
[White "Radnaev, Anatoly"]
[Black "Dondukov, Sengdorji"]
[Result "0-1"]
[WhiteElo "2056"]
[BlackElo "2359"]
[PlyCount "82"]
[EventDate "2012.06.26"]
[EventType "swiss"]
[EventRounds "9"]
[EventCountry "RUS"]
[SourceTitle "EXT 2022"]
[Source "ChessBase"]
[SourceDate "2021.10.06"]
[SourceVersion "1"]
[SourceVersionDate "2021.10.06"]
[SourceQuality "1"]

1. d4 g6 2. Nf3 Nf6 3. Bg5 Bg7 4. Nbd2 0-0 5. e3 c5 6. c3 d6 7. Be2 b6 8. 0-0 Bb7 9. a4 a6 10. b4 Nbd7 11. Qb3 Qc7 12. Rac1 Rac8 13. h3 Qb8 14. Rfe1 Qa8 15. Bf1 h6 16. Bh4 cxb4 17. Qxb4 Rc7 18. c4 Rfc8 19. Rcd1 a5 20. Qb3 Ba6 21. e4 e5 22. c5 bxc5 23. dxe5 dxe5 24. Bc4 Bxc4 25. Qxc4 Rb8 26. Rb1 Rb4 27. Rxb4 axb4 28. Bxf6 Bxf6 29. Ra1 Nb6 30. Qb5 Nc8 31. Nc4 Qxe4 32. Re1 Qc6 33. Nfxe5 Qxb5 34. axb5 Rb7 35. Ng4 Kg7 36. Re8 Nb6 37. Nd6 Rd7 38. Ne4 Rd1+ 39. Kh2 Bd4 40. Ne3 Bxe3 41. fxe3 b3 0-1

[Event "Ulan-Ude VIII festival Baikal"]
[Site "Ulan-Ude"]
[Date "2012.06.27"]
[Round "3.3"]
[White "Radnaev, Anatoly"]
[Black "Tsydypov, Zhamsaran"]
[Result "1-0"]
[WhiteElo "2056"]
[BlackElo "2307"]
[PlyCount "127"]
[EventDate "2012.06.26"]
[EventType "swiss"]
[EventRounds "9"]
[EventCountry "RUS"]
[SourceTitle "EXT 2022"]
[Source "ChessBase"]
[SourceDate "2021.10.06"]
[SourceVersion "1"]
[SourceVersionDate "2021.10.06"]
[SourceQuality "1"]

1. d4 d6 2. Nf3 g6 3. e4 Bg7 4. Bc4 Nf6 5. Qe2 0-0 6. Bb3 Nc6 7. c3 e5 8. dxe5 Nxe5 9. Nxe5 dxe5 10. Bg5 h6 11. Bh4 Qe8 12. Nd2 Nh5 13. g3 a5 14. a4 Bh3 15. 0-0-0 Bd7 16. f4 exf4 17. g4 Nf6 18. Bxf6 Bxf6 19. h4 Bxa4 20. g5 Bxb3 21. Nxb3 hxg5 22. hxg5 Bxg5 23. Qh2 Kg7 24. Qg2 Qb5 25. Rd5 Qa4 26. Qxg5 Qxe4 27. Qh6+ Kf6 28. Qg5+ Kg7 29. Qh6+ Kf6 30. Qh4+ Kg7 31. Rh5 gxh5 32. Rg1+ Qg6 33. Rxg6+ fxg6 34. Nd4 Rae8 35. Nf3 Re3 36. Qh3 Rf5 37. Qh1 c6 38. Kb1 Kh6 39. Ka2 g5 40. Qb1 Rf6 41. Nd4 Re5 42. Nf3 Re7 43. Qd1 Re8 44. Qd4 Ref8 45. Qe5 Rf5 46. Qe7 g4 47. Nd4 R5f6 48. Ne6 R8f7 49. Qe8 f3 50. Qh8+ Kg6 51. Qg8+ Kf5 52. Nd4+ Kf4 53. Qb8+ Kg5 54. Qe5+ Kg6 55. Qe4+ Kh6 56. Qe3+ Rf4 57. Ne6 f2 58. Nxf4 f1Q 59. Qe6+ Kg5 60. Qg6+ Kh4 61. Qxf7 Qb5 62. Qe7+ Kg3 63. Qe3+ Kh4 64. Ng2# 1-0

[Event "Ulan-Ude Baikal Harbor"]
[Site "Ulan-Ude"]
[Date "2011.12.22"]
[Round "8"]
[White "Badmatsyrenov, Oleg"]
[Black "Radnaev, Anatoly"]
[Result "1-0"]
[WhiteElo "2468"]
[BlackElo "2038"]
[PlyCount "99"]
[EventDate "2011.12.17"]
[EventType "swiss"]
[EventRounds "9"]
[EventCountry "RUS"]
[SourceTitle "EXT 2022"]
[Source "ChessBase"]
[SourceDate "2021.10.06"]
[SourceVersion "1"]
[SourceVersionDate "2021.10.06"]
[SourceQuality "1"]

1. e4 e6 2. Qe2 b6 3. b3 c5 4. Bb2 Ba6 5. d3 Nc6 6. Nd2 Qc7 7. g3 0-0-0 8. Bh3 h5 9. Ngf3 f6 10. 0-0-0 Nge7 11. Kb1 Ng6 12. Qe3 Nge5 13. Nxe5 Nxe5 14. f4 Nc6 15. Nf3 Kb8 16. c3 Bc8 17. Rhe1 d5 18. d4 a5 19. a3 a4 20. b4 c4 21. Nh4 Ne7 22. Bc1 dxe4 23. Qxe4 Nd5 24. Kb2 f5 25. Qc2 Rh6 26. Qxa4 Bd7 27. Qc2 Qa7 28. Qe2 Bd6 29. Rd2 Kb7 30. Bg2 Ra8 31. Kb1 Bc6 32. Qxc4 b5 33. Qb3 Rc8 34. Nxf5 Nxc3+ 35. Qxc3 exf5 36. Rc2 Qb6 37. Bb2 Rhh8 38. Bxc6+ Qxc6 39. Qxc6+ Rxc6 40. d5 Rxc2 41. Kxc2 h4 42. Bxg7 Rc8+ 43. Bc3 hxg3 44. hxg3 Rg8 45. Re3 Kc8 46. Be5 Kd7 47. Kd3 Ra8 48. Kd4 Be7 49. Rc3 Bd8 50. Kc5 1-0

[Event "Ulan-Ude Baikal Harbor"]
[Site "Ulan-Ude"]
[Date "2011.12.22"]
[Round "7"]
[White "Radnaev, Anatoly"]
[Black "Rinchinov, Beligto"]
[Result "1-0"]
[WhiteElo "2038"]
[BlackElo "2001"]
[PlyCount "113"]
[EventDate "2011.12.17"]
[EventType "swiss"]
[EventRounds "9"]
[EventCountry "RUS"]
[SourceTitle "EXT 2022"]
[Source "ChessBase"]
[SourceDate "2021.10.06"]
[SourceVersion "1"]
[SourceVersionDate "2021.10.06"]
[SourceQuality "1"]

1. Nf3 c5 2. e3 Nf6 3. b3 e6 4. Bb2 Be7 5. d4 d5 6. Nbd2 0-0 7. Bd3 Nc6 8. a3 Nd7 9. 0-0 Bf6 10. Re1 Re8 11. c4 a6 12. Qc2 h6 13. Rac1 b6 14. cxd5 exd5 15. Bh7+ Kh8 16. Bf5 Be7 17. dxc5 bxc5 18. b4 c4 19. e4 Nb6 20. exd5 Nxd5 21. Nxc4 Bf6 22. Rxe8+ Qxe8 23. Nd6 Bxf5 24. Qxf5 Nce7 25. Qxf6 gxf6 26. Nxe8 Rxe8 27. g3 Kg7 28. Nd4 Kg6 29. Rc5 Rb8 30. Kg2 Rb6 31. h4 h5 32. Kf3 f5 33. Ne2 Re6 34. Ra5 Kh7 35. Bd4 Nc7 36. Re5 Nb5 37. Rxe6 fxe6 38. Bb2 Nd6 39. Bd4 Nc4 40. a4 Nd5 41. b5 axb5 42. axb5 e5 43. Bc5 Nd2+ 44. Kg2 Nb3 45. Bd6 e4 46. Nf4 Nxf4+ 47. Bxf4 Kg6 48. b6 Nc5 49. Bd6 Nb7 50. Bc7 Kf6 51. Kf1 Ke6 52. Ke2 Ke7 53. Ke3 Kf6 54. Kd4 Ke6 55. Bf4 Na5 56. Kc5 Kd7 57. Kd5 1-0

[Event "Ulan-Ude Baikal Harbor"]
[Site "Ulan-Ude"]
[Date "2011.12.18"]
[Round "2"]
[White "Angarov, Dmitriy"]
[Black "Radnaev, Anatoly"]
[Result "1/2-1/2"]
[WhiteElo "1848"]
[BlackElo "2038"]
[PlyCount "106"]
[EventDate "2011.12.17"]
[EventType "swiss"]
[EventRounds "9"]
[EventCountry "RUS"]
[SourceTitle "EXT 2022"]
[Source "ChessBase"]
[SourceDate "2021.10.06"]
[SourceVersion "1"]
[SourceVersionDate "2021.10.06"]
[SourceQuality "1"]

1. e4 e6 2. d4 b6 3. Nf3 Bb7 4. Bd3 Nf6 5. Qe2 Be7 6. 0-0 d5 7. Nc3 a6 8. Bg5 Nbd7 9. exd5 Nxd5 10. Nxd5 Bxd5 11. Bxe7 Qxe7 12. Be4 Bxe4 13. Qxe4 0-0 14. Rfe1 Nf6 15. Qe2 Qb4 16. c3 Qb5 17. c4 Qh5 18. Qd2 Nd7 19. Qf4 Rac8 20. Rad1 Rfe8 21. Re4 Qf5 22. Qxf5 exf5 23. Rxe8+ Rxe8 24. Ne5 Nf8 25. Kf1 Re6 26. f3 g5 27. Kf2 h5 28. Re1 f6 29. Nd3 Rxe1 30. Kxe1 Ne6 31. d5 Nd4 32. Kd2 f4 33. Nb4 a5 34. Na6 c5 35. Nc7 Kf7 36. Kd3 f5 37. Nb5 Nxb5 38. cxb5 Ke7 39. b3 Kd6 40. Kc4 Ke5 41. h3 Kd6 42. a4 Ke5 43. Kc3 Kxd5 44. Kd3 Ke5 45. Kc4 Ke6 46. Kc3 Kf6 47. Kc4 Ke5 48. Kc3 g4 49. h4 Kd5 50. Kd3 Ke6 51. Kc4 Kd6 52. Kc3 Kc7 53. Kc4 Kd6 1/2-1/2

[Event "Ulan-Ude Baikal Harbor"]
[Site "Ulan-Ude"]
[Date "2011.12.18"]
[Round "3"]
[White "Radnaev, Anatoly"]
[Black "Mogloev, Alexander"]
[Result "1-0"]
[WhiteElo "2038"]
[BlackElo "1734"]
[PlyCount "43"]
[EventDate "2011.12.17"]
[EventType "swiss"]
[EventRounds "9"]
[EventCountry "RUS"]
[SourceTitle "EXT 2022"]
[Source "ChessBase"]
[SourceDate "2021.10.06"]
[SourceVersion "1"]
[SourceVersionDate "2021.10.06"]
[SourceQuality "1"]

1. d4 Nf6 2. Bg5 g6 3. Bxf6 exf6 4. e3 Bg7 5. Bd3 0-0 6. h4 d5 7. h5 Qd6 8. hxg6 fxg6 9. Nc3 c6 10. Nge2 f5 11. Nf4 Bxd4 12. Nfxd5 Bg7 13. Nf4 Qb4 14. Rb1 Bxc3+ 15. bxc3 Qxc3+ 16. Kf1 Na6 17. Rb3 Qe5 18. Bc4+ Kg7 19. Rxb7+ Nc7 20. Nh5+ Kh8 21. f4 Qxe3 22. Qa1+ 1-0